00543cam a22001932i 4500001001300000003000700013005001700020008004100037020003800078040001800116042000900134084001600143245007200159250001100231260004100242300001800283650002400301650002400325CIP113009106YEEZEN20250903144953.0240618s2024 ch e 000 0 chi d a9786267268995q(平裝) :cNT$400 aCIPbchicCIP anbic a4152ncsclt10aICU重症醫療現場3: 當一個更有溫度的人c /陳志金著 a初版 a臺北市 :b原水文化, c2024.08 a面 ;c公分 72lcstta重症醫學 72lcstta通俗作品